• 首页
  • 本馆介绍
  • 公告通知
  • 最新文献
  • 馆藏检索
  • 电子资源
  • 读者导购
  • 参考咨询
  • 我的图书馆
  • 登录
  • 详细信息显示
  • 放入我的书架
  • 预约/预借图书
  • 作者相关作品
  • 分类相关作品
  • 丛书相关作品
  • 出版社相关作品

书目信息

  • 表格格式
  • 工作单格式
  • 卡片格式
题名:
现代社会与学校体育
    
 
作者: 曲宗湖 , 杨文轩 主编
分册:  
出版信息: 北京   人民体育出版社  1999
页数: 243页
开本: 21cm
丛书名: 现代学校体育教学丛书
单 册:
中图分类: G807.01
科图分类:
主题词: 学校体育--教学法
电子资源:
ISBN: 7-5009-1792-9
000 00697nam2 2200229 45
001 0405251773
005 20040203234507.0
010    @a7-5009-1792-9@dCNY12.50
100    @a20040525d1999 km y0chiy0120 ea
101 0  @achi
105    @a z 000yy
200 1  @a现代社会与学校体育@AXian Dai She Hui Yu Xue Xiao Ti Yu@f曲宗湖,杨文轩主编@FQu Zong Hu,Yang Wen Xuan Zhu Bian
210    @a北京@c人民体育出版社@d1999
215    @a243页@d21cm
225    @a现代学校体育教学丛书
410    @12001 @a现代学校体育教学丛书
606 0  @a学校体育@x教学法
690    @aG807.01@v4
701  0 @a曲宗湖@4主编
701  0 @a杨文轩@4主编
801    @aCN@bTSTC@c20040525
905    @b333778-782@dG807.01@e135@f5
    
    现代社会与学校体育/曲宗湖,杨文轩主编.-北京:人民体育出版社,1999
    243页;21cm.-(现代学校体育教学丛书)
    
    
    ISBN 7-5009-1792-9:CNY12.50
    
●
相关链接 在E读中查询图书 在五车中查询图书 在当当中查询图书 在豆瓣中查询图书


正题名:现代社会与学校体育     索取号:G807.01/135         预约/预借

序号 登录号 条形码 馆藏地/架位号 状态 备注
1 0333778   203337781   第四借阅区/ [索取号:G807.01/135] 在馆    
2 0333779   203337790   第四借阅区/ [索取号:G807.01/135] 在馆    
3 0333780   203337807   第四借阅区/ [索取号:G807.01/135] 在馆    
4 0333781   203337816   第四借阅区/ [索取号:G807.01/135] 在馆    
5 0333782   203337825   第一样本阅览室/ [索取号:G807.01/135] 在馆    
唐山师范学院图书馆 欢迎您!
大连网信软件有限公司© 版权所有